000 00278nam a2200121Ia 4500
008 190216s9999||||xx |||||||||||||| ||und||
100 _aIshwar C Dhingra
245 0 _aIndian Economy
260 _bSulthan Chand&Sons
_c1996
300 _a743p
650 _aEconomics
942 _cBK
999 _c9923
_d9923